[Event "Buenos Aires Diez Reinas (Women)"]
[Site "Buenos Aires"]
[Date "2010.08.28"]
[Round "9"]
[White "Malajovich, Sandra"]
[Black "Carraro, Denise"]
[Result "0-1"]
[WhiteElo "2098"]
[BlackElo "2100"]
[PlyCount "116"]
[EventDate "2010.08.19"]
[EventType "tourn"]
[EventRounds "9"]
[EventCountry "ARG"]
[SourceTitle "CBM 138 Extra"]
[Source "ChessBase"]
[SourceDate "2010.10.29"]
[SourceVersion "1"]
[SourceVersionDate "2010.10.29"]
[SourceQuality "1"]

1. d4 g6 2. e4 Bg7 3. c4 d6 4. Nf3 Bg4 5. Be2 Nc6 6. Be3 e5 7. d5 Nce7 8. Nfd2 Bd7 9. Nc3 f5 10. f3 b6 11. b4 c5 12. dxc6 Bxc6 13. Rc1 Nf6 14. 0-0 0-0 15. Nd5 Nexd5 16. cxd5 Bd7 17. b5 f4 18. Bf2 g5 19. Kh1 h5 20. Qc2 Rf7 21. Qb2 Ne8 22. a4 g4 23. Nc4 Qg5 24. a5 g3 25. Bg1 bxa5 26. Nxa5 h4 27. Rfd1 h3 28. Bf1 hxg2+ 29. Qxg2 Bf6 30. Nc6 Rh7 31. Ra1 Nc7 32. Rxa7 Bxc6 33. dxc6 Rxa7 34. b6 Ra8 35. b7 Rb8 36. Qa2+ Kh8 37. h3 g2+ 38. Bxg2 Qg3 39. Rb1 Rg7 40. Ba7 Na6 41. Bxb8 Nxb8 42. c7 Rxc7 43. Qe6 Rg7 44. Rg1 Qg6 45. Qc8+ Rg8 46. Qe6 Qg7 47. Qxd6 Bh4 48. Qb6 Nd7 49. Qb2 Nb8 50. Rc1 Bf6 51. Rc8 Qd7 52. Rc2 Qd1+ 53. Kh2 Nd7 54. Rc8 Bh4 55. Rxg8+ Kxg8 56. b8Q+ Kh7 57. Bh1 Nxb8 58. Qxe5 Bg3+ 0-1

[Event "ARG-ch (Women)"]
[Site "Buenos Aires"]
[Date "2010.07.14"]
[Round "9"]
[White "Parma, Pamela"]
[Black "Malajovich, Sandra"]
[Result "0-1"]
[WhiteElo "1874"]
[BlackElo "2098"]
[PlyCount "232"]
[EventDate "2010.07.05"]
[EventType "swiss"]
[EventRounds "9"]
[EventCountry "ARG"]
[SourceTitle "CBM 137 Extra"]
[Source "ChessBase"]
[SourceDate "2010.09.01"]
[SourceVersion "1"]
[SourceVersionDate "2010.09.01"]
[SourceQuality "1"]

1. e4 c5 2. d4 cxd4 3. c3 dxc3 4. Nxc3 d6 5. Bc4 Nc6 6. Nf3 Nf6 7. h3 e6 8. 0-0 Be7 9. Qe2 0-0 10. Rd1 Ne8 11. Bf4 a6 12. Rac1 Qa5 13. a3 Qh5 14. Na4 Bd8 15. Bd3 e5 16. Be3 f5 17. Bb6 Be7 18. Bc4+ Kh8 19. exf5 Bxf5 20. Nd4 Qxe2 21. Nxe2 Nf6 22. Bc7 Rac8 23. Bxd6 b5 24. Bxb5 axb5 25. Nb6 Bxd6 26. Nxc8 Rxc8 27. Rxd6 Ne7 28. Rxc8+ Bxc8 29. Rd8+ Nfg8 30. Nc3 b4 31. Ne4 bxa3 32. bxa3 h6 33. Nd6 Be6 34. a4 Kh7 35. Ne4 Bb3 36. Re8 Bxa4 37. Rd8 Bc6 38. Nc5 Kg6 39. Kh2 Kf7 40. Nd3 Ke6 41. Nb4 Nf6 42. Rd3 Be4 43. Re3 Ned5 44. Nxd5 Bxd5 45. f4 e4 46. g4 Bc6 47. Kg3 g5 48. fxg5 hxg5 49. h4 gxh4+ 50. Kxh4 Ke5 51. g5 Nd5 52. Re1 Kf5 53. g6 Ne7 54. g7 Kf6 55. Kg3 Ke5 56. Kg4 Bd5 57. Kg5 Ng8 58. Kg6 Kd4 59. Kh7 Ne7 60. Kh8 e3 61. Rg1 e2 62. Kh7 Ke3 63. Kh6 Kf2 64. Rc1 Bb3 65. Rh1 Kg2 66. Re1 Kf2 67. Rh1 e1Q 68. Rxe1 Kxe1 69. Kg5 Ke2 70. Kf6 Ng8+ 71. Kg6 Kf3 72. Kg5 Ke4 73. Kg6 Ke5 74. Kg5 Ke6 75. Kg6 Bc2+ 76. Kg5 Kf7 77. Kf4 Kxg7 78. Ke5 Nf6 79. Kd4 Kg6 80. Ke5 Bf5 81. Kd4 Nd7 82. Kd5 Kf6 83. Kd4 Ke6 84. Kc4 Ke5 85. Kc3 Kd5 86. Kb4 Kd4 87. Kb5 Be4 88. Kb4 Bc6 89. Kb3 Nc5+ 90. Kb4 Ne4 91. Kb3 Bd5+ 92. Kb4 Nc3 93. Ka3 Kc4 94. Kb2 Na4+ 95. Kc2 Be4+ 96. Kd2 Kd4 97. Ke2 Nb2 98. Kf2 Nd3+ 99. Kg3 Ke5 100. Kg4 Kf6 101. Kh5 Ne5 102. Kh6 Ng4+ 103. Kh5 Kf5 104. Kh4 Kf4 105. Kh5 Bf5 106. Kh4 Bg6 107. Kh3 Ne3 108. Kh4 Ng2+ 109. Kh3 Kf3 110. Kh2 Kf2 111. Kh1 Nf4 112. Kh2 Bf5 113. Kh1 Nd5 114. Kh2 Ne3 115. Kh1 Be6 116. Kh2 Nf1+ 0-1

[Event "ARG-ch (Women)"]
[Site "Buenos Aires"]
[Date "2010.07.08"]
[Round "4"]
[White "Martyniuk, Carolina Milka"]
[Black "Malajovich, Sandra"]
[Result "1-0"]
[WhiteElo "1986"]
[BlackElo "2098"]
[PlyCount "77"]
[EventDate "2010.07.05"]
[EventType "swiss"]
[EventRounds "9"]
[EventCountry "ARG"]
[SourceTitle "CBM 137 Extra"]
[Source "ChessBase"]
[SourceDate "2010.09.01"]
[SourceVersion "1"]
[SourceVersionDate "2010.09.01"]
[SourceQuality "1"]

1. c4 Nf6 2. Nc3 g6 3. g3 d5 4. cxd5 Nxd5 5. Bg2 Nxc3 6. bxc3 Bg7 7. Rb1 c6 8. Nf3 Qa5 9. Qb3 b6 10. Nd4 Bxd4 11. cxd4 Be6 12. Qc2 0-0 13. Bb2 Qxa2 14. 0-0 Qc4 15. Qxc4 Bxc4 16. Rfc1 Bxe2 17. d5 Na6 18. dxc6 Rac8 19. d4 e6 20. Ba3 Rfd8 21. Rb2 Bd3 22. Rd2 Bb5 23. d5 exd5 24. Rxd5 Rxd5 25. Bxd5 Nc7 26. Bg2 Ne6 27. Bb2 h6 28. Be5 Nc5 29. Rd1 f6 30. c7 Ba6 31. Rd8+ Kg7 32. Bd6 f5 33. Bd5 g5 34. h4 gxh4 35. gxh4 Kf6 36. f4 Ne6 37. Rd7 Rg8+ 38. Kf2 Re8 39. h5 1-0

[Event "Buenos Aires La Punta op"]
[Site "Buenos Aires"]
[Date "2009.05.28"]
[Round "5"]
[White "Tristan, Leonardo"]
[Black "Malajovich, Sandra"]
[Result "1-0"]
[WhiteElo "2393"]
[BlackElo "2111"]
[PlyCount "65"]
[EventDate "2009.05.25"]
[EventType "swiss"]
[EventRounds "9"]
[EventCountry "ARG"]
[SourceTitle "CBM 130 Extra"]
[Source "ChessBase"]
[SourceDate "2009.07.02"]
[SourceVersion "2"]
[SourceVersionDate "2009.07.15"]
[SourceQuality "1"]

1. e4 c5 2. Nc3 Nc6 3. Bb5 Nd4 4. Bc4 g6 5. Nf3 Bg7 6. Nxd4 cxd4 7. Qf3 Nh6 8. d3 0-0 9. Ne2 e5 10. h4 Kh8 11. h5 g5 12. Qg3 f6 13. Bd2 b5 14. Bd5 Rb8 15. Nxd4 Bb7 16. Bxb7 Rxb7 17. Nb3 d5 18. Nc5 Re7 19. a4 Qd6 20. b4 Rb8 21. axb5 Rxb5 22. exd5 Rxc5 23. bxc5 Qxc5 24. Qe3 Qxd5 25. 0-0 Qc6 26. Rfb1 Bf8 27. Rb8 Rf7 28. Bb4 Kg7 29. Bxf8+ Rxf8 30. Rxf8 Kxf8 31. Qxa7 Nf7 32. Qb8+ Kg7 33. Ra8 1-0

[Event "Buenos Aires-ch (Women)"]
[Site "Buenos Aires"]
[Date "2008.10.01"]
[Round "6"]
[White "Malajovich, Sandra"]
[Black "Benedetti, Antonella"]
[Result "1-0"]
[WhiteElo "2097"]
[BlackElo "1816"]
[PlyCount "77"]
[EventDate "2008.09.27"]
[EventType "swiss"]
[EventRounds "9"]
[EventCountry "ARG"]
[SourceTitle "CBM 126 Extra"]
[Source "ChessBase"]
[SourceDate "2008.11.05"]
[SourceVersion "1"]
[SourceVersionDate "2008.11.05"]
[SourceQuality "1"]

1. d4 d5 2. c4 Bf5 3. Nc3 e6 4. cxd5 exd5 5. Nf3 Nc6 6. a3 Nf6 7. Bg5 Be7 8. e3 a6 9. Bxf6 Bxf6 10. Qb3 Ne7 11. Qxb7 0-0 12. Qb3 Rb8 13. Qa2 c5 14. Be2 cxd4 15. exd4 Qb6 16. 0-0 Qxb2 17. Nxd5 Nxd5 18. Qxd5 Be6 19. Qe4 Rfe8 20. Bd3 g6 21. Qf4 Rb3 22. Bxa6 Bg7 23. a4 Ra8 24. Nd2 Rb4 25. Rab1 Qa3 26. Rxb4 Qxb4 27. Bb5 Bxd4 28. Ne4 Qb2 29. Ng5 Bb3 30. Qe4 Rc8 31. Qf3 Rc1 32. g3 Qb1 33. h4 Kg7 34. Kg2 Rxf1 35. Bxf1 h6 36. Ne4 Bc2 37. Nd2 Qb4 38. Bc4 Bf5 39. Qd5 1-0

[Event "American Continental (Women) 04th"]
[Site "San Luis"]
[Date "2007.09.05"]
[Round "9.8"]
[White "Malajovich, Sandra"]
[Black "Plazaola, Maria de los Angele"]
[Result "0-1"]
[WhiteElo "2095"]
[BlackElo "2061"]
[PlyCount "80"]
[EventDate "2007.08.28"]
[EventType "swiss"]
[EventRounds "11"]
[EventCountry "ARG"]
[SourceTitle "EXT 2023"]
[Source "ChessBase"]
[SourceDate "2022.10.05"]
[SourceVersion "1"]
[SourceVersionDate "2022.10.05"]
[SourceQuality "1"]

1. c4 Nf6 2. Nc3 e5 3. g3 Nc6 4. Bg2 g6 5. e3 d6 6. Nge2 Bf5 7. e4 Be6 8. Nd5 Bg7 9. Rb1 Qd7 10. b4 Ne7 11. d3 Nexd5 12. cxd5 Bh3 13. 0-0 h5 14. f3 Ke7 15. Bg5 Rag8 16. Rc1 Bxg2 17. Kxg2 Kf8 18. Bxf6 Bxf6 19. Qc2 Bd8 20. h3 Rg7 21. f4 Kg8 22. Nc3 exf4 23. gxf4 g5 24. f5 g4 25. hxg4 Rxg4+ 26. Kf3 Qe7 27. Qf2 Qe5 28. Ne2 a6 29. Qa7 Kf8 30. Qxb7 Qh2 31. Rg1 Qh3+ 32. Rg3 Rxg3+ 33. Nxg3 Qg4+ 34. Kf2 Qf4+ 35. Ke2 Qxc1 36. Qc8 Qg5 37. Qd7 Qg4+ 38. Kd2 Bg5+ 39. Kc2 Qxg3 40. Qxc7 h4 0-1

[Event "American Continental (Women) 04th"]
[Site "San Luis"]
[Date "2007.08.30"]
[Round "3.13"]
[White "Malajovich, Sandra"]
[Black "Lovece, Ruth"]
[Result "0-1"]
[WhiteElo "2095"]
[BlackElo "2005"]
[PlyCount "74"]
[EventDate "2007.08.28"]
[EventType "swiss"]
[EventRounds "11"]
[EventCountry "ARG"]
[SourceTitle "EXT 2023"]
[Source "ChessBase"]
[SourceDate "2022.10.05"]
[SourceVersion "1"]
[SourceVersionDate "2022.10.05"]
[SourceQuality "1"]

1. Nf3 d5 2. g3 c6 3. Bg2 Nf6 4. 0-0 Bf5 5. d3 h6 6. Nbd2 e6 7. Re1 Be7 8. Ne5 0-0 9. e4 Bh7 10. f4 Nbd7 11. Nxd7 Nxd7 12. Nf3 a5 13. e5 a4 14. h3 b5 15. Kh2 Qc7 16. Be3 Rab8 17. c3 c5 18. d4 Nb6 19. b3 b4 20. dxc5 Bxc5 21. Bxc5 Qxc5 22. cxb4 Qxb4 23. Nd4 axb3 24. axb3 Rfc8 25. Re2 Rc3 26. Rd2 Rbc8 27. Ra7 Qc5 28. Rb7 Be4 29. Nxe6 fxe6 30. Qg4 Rc7 31. Qxe6+ Kh7 32. Bxe4+ dxe4 33. Qxb6 Qxb6 34. Rxb6 e3 35. Re2 Rc2 36. Rxc2 Rxc2+ 37. Kg1 Rc1+ 0-1

[Event "American Continental (Women) 04th"]
[Site "San Luis"]
[Date "2007.08.29"]
[Round "2.11"]
[White "Buttner, Natalia"]
[Black "Malajovich, Sandra"]
[Result "1-0"]
[WhiteElo "2064"]
[BlackElo "2095"]
[PlyCount "119"]
[EventDate "2007.08.28"]
[EventType "swiss"]
[EventRounds "11"]
[EventCountry "ARG"]
[SourceTitle "EXT 2023"]
[Source "ChessBase"]
[SourceDate "2022.10.05"]
[SourceVersion "1"]
[SourceVersionDate "2022.10.05"]
[SourceQuality "1"]

1. e4 c5 2. Nf3 Nc6 3. d4 cxd4 4. Nxd4 g6 5. c4 Bg7 6. Be3 Nf6 7. Nc3 Ng4 8. Qxg4 Nxd4 9. Qd1 Ne6 10. Qd2 Qa5 11. Rc1 h5 12. b3 b6 13. Nd5 Qxd2+ 14. Kxd2 Bb7 15. g3 Rc8 16. h4 Nc5 17. f3 e6 18. Nf4 0-0 19. Bg2 Rfd8 20. Ke2 Be5 21. Rhd1 d5 22. exd5 exd5 23. Bh3 Ra8 24. Nxd5 Bxg3 25. Bg5 Re8+ 26. Kf1 Bxd5 27. cxd5 Kg7 28. b4 Na6 29. d6 f6 30. d7 Red8 31. Rc8 Nc7 32. Be3 f5 33. Rxa8 Nxa8 34. Bg5 Bc7 35. f4 b5 36. Bg2 Nb6 37. Bc6 Nc4 38. Bxd8 Bxd8 39. Ke2 Kf6 40. Bxb5 Nb6 41. Rd6+ Kf7 42. Kd3 Na8 43. Bc4+ Ke7 44. Rxg6 Kxd7 45. Be6+ Kc7 46. Bxf5 Bxh4 47. Rh6 Bg3 48. Be4 Nb6 49. Rxh5 Bxf4 50. Rh7+ Kd6 51. Rxa7 Nd7 52. Ra6+ Kc7 53. a4 Bg3 54. a5 Be1 55. Kc4 Ne5+ 56. Kb5 Bd2 57. Re6 Nd7 58. Bc6 Nb8 59. Be4 Nd7 60. a6 1-0

[Event "ARG-ch (Women)"]
[Site "Villa Martelli"]
[Date "2006.04.04"]
[Round "4"]
[White "Malajovich, Sandra"]
[Black "Colautti Grosso, Marcela Fabiana"]
[Result "1-0"]
[WhiteElo "2090"]
[BlackElo "1935"]
[PlyCount "95"]
[EventDate "2006.04.01"]
[EventType "swiss"]
[EventRounds "7"]
[EventCountry "ARG"]
[SourceTitle "CBM 111 Extra"]
[Source "ChessBase"]
[SourceDate "2006.05.09"]
[SourceVersion "1"]
[SourceVersionDate "2006.05.09"]
[SourceQuality "1"]

1. d4 Nf6 2. c4 e6 3. Nf3 d5 4. Bg5 c5 5. cxd5 exd5 6. Nc3 Be6 7. dxc5 Bxc5 8. Bxf6 Qxf6 9. e3 Nc6 10. Bb5 0-0 11. Bxc6 bxc6 12. 0-0 Bd6 13. Qd4 Qg6 14. Ne2 Bg4 15. Ng3 h5 16. Kh1 Bxf3 17. gxf3 Be7 18. Rg1 Bf6 19. Qf4 Bg5 20. Qa4 h4 21. Ne2 Qh5 22. Qg4 Qxg4 23. Rxg4 Bf6 24. Rb1 c5 25. Nf4 d4 26. Nh5 Be5 27. Nxg7 Kh7 28. Nf5 d3 29. Rxh4+ Kg6 30. Ng3 Rad8 31. Rc4 Bxb2 32. Rxc5 Rd7 33. Ne4 f5 34. Rc6+ Kf7 35. Nd6+ Ke7 36. Rxb2 Rxd6 37. Rxd6 Kxd6 38. Rd2 Kc5 39. Rxd3 Kc4 40. Ra3 Rf7 41. f4 Kb4 42. Rb3+ Kc4 43. Kg2 a5 44. Rb8 Rd7 45. a4 Kd3 46. Rb5 Ke2 47. Rxf5 Rd1 48. Rb5 1-0

[Event "ARG-ch (Women)"]
[Site "Villa Martelli"]
[Date "2006.04.02"]
[Round "2"]
[White "Malajovich, Sandra"]
[Black "Lopez Nocera, Venecia Ariadna"]
[Result "1-0"]
[WhiteElo "2090"]
[BlackElo "2004"]
[PlyCount "93"]
[EventDate "2006.04.01"]
[EventType "swiss"]
[EventRounds "7"]
[EventCountry "ARG"]
[SourceTitle "CBM 111 Extra"]
[Source "ChessBase"]
[SourceDate "2006.05.09"]
[SourceVersion "1"]
[SourceVersionDate "2006.05.09"]
[SourceQuality "1"]

1. Nf3 Nc6 2. d4 e6 3. c4 d5 4. cxd5 exd5 5. Nc3 Nf6 6. Bg5 Be7 7. Qb3 Ne4 8. Bf4 Nxc3 9. bxc3 0-0 10. e3 b6 11. Be2 Bf5 12. 0-0 Na5 13. Qa4 Bd6 14. Bxd6 Qxd6 15. Rac1 Bd7 16. Qb4 a6 17. Nd2 Rfc8 18. Rb1 Qxb4 19. cxb4 Nb7 20. Rfc1 Nd6 21. Rb2 b5 22. Nb3 Nc4 23. Rbc2 Bf5 24. Rc3 Re8 25. Nc5 a5 26. bxa5 Rxa5 27. a4 bxa4 28. Bxc4 dxc4 29. Ra3 Rb8 30. Rxa4 Rxa4 31. Nxa4 Rb1 32. Rxb1 Bxb1 33. Kf1 Bc2 34. Nc3 Kf8 35. Ke2 Ke7 36. Kd2 Bd3 37. g3 Kd6 38. Na4 Bf5 39. Kc3 Kd5 40. Nc5 g5 41. f3 Be6 42. e4+ Kd6 43. Nxe6 fxe6 44. Kxc4 e5 45. h3 h5 46. h4 gxh4 47. gxh4 1-0

[Event "American Continental 03rd"]
[Site "Buenos Aires"]
[Date "2005.08.06"]
[Round "1"]
[White "Malajovich, Sandra"]
[Black "Castro Rojas, Oscar Humberto"]
[Result "1/2-1/2"]
[WhiteElo "2126"]
[BlackElo "2385"]
[PlyCount "102"]
[EventDate "2005.08.06"]
[EventType "swiss"]
[EventRounds "11"]
[EventCountry "ARG"]
[SourceTitle "CBM 107 Extra"]
[Source "ChessBase"]
[SourceDate "2005.09.01"]
[SourceVersion "1"]
[SourceVersionDate "2005.09.01"]
[SourceQuality "1"]

1. d4 f5 2. c4 Nf6 3. Nf3 e6 4. g3 d5 5. Bg2 Bd6 6. b3 c6 7. 0-0 Qe7 8. Bb2 0-0 9. Ne1 b6 10. Nd3 Nbd7 11. Nd2 Bb7 12. Rc1 Rac8 13. Nf3 Ne4 14. Nfe5 c5 15. Nxd7 Qxd7 16. cxd5 exd5 17. dxc5 bxc5 18. e3 Rfd8 19. Qh5 d4 20. Rfd1 dxe3 21. fxe3 Qe6 22. Nf4 Bxf4 23. exf4 Qb6 24. Rc4 Rxd1+ 25. Qxd1 Rd8 26. Qh5 Ba6 27. Bxe4 fxe4 28. Rxe4 c4+ 29. Bd4 Qb5 30. Qg4 Qd7 31. f5 cxb3 32. axb3 Bb7 33. Rf4 Qc7 34. f6 Rd7 35. fxg7 Rf7 36. Rxf7 Qxf7 37. Qf4 Qxf4 38. gxf4 a5 39. Bc3 Bd5 40. Bxa5 Bxb3 41. Bc3 Bc2 42. Kf2 Kf7 43. Kg3 Bf5 44. Kh4 Bc2 45. Kg5 Bd3 46. h4 Bc2 47. h5 Bd3 48. f5 Bc2 49. g8Q+ Kxg8 50. Kf6 Bd1 51. h6 Bb3 1/2-1/2

[Event "Olympiad Women-36"]
[Site "Mallorca"]
[Date "2004.10.22"]
[Round "7.2"]
[White "Malajovich, Sandra"]
[Black "Sorokina, Anastasia"]
[Result "0-1"]
[WhiteElo "2118"]
[BlackElo "2199"]
[PlyCount "76"]
[EventDate "2004.10.15"]
[EventType "team-swiss"]
[EventRounds "14"]
[EventCountry "ESP"]
[SourceTitle "CBM 102 Extra"]
[Source "ChessBase"]
[SourceDate "2004.11.03"]
[SourceVersion "1"]
[SourceVersionDate "2004.11.03"]
[SourceQuality "1"]
[WhiteTeam "Argentina (W)"]
[BlackTeam "Australia (W)"]
[WhiteTeamCountry "ARG"]
[BlackTeamCountry "AUS"]

1. Nf3 Nf6 2. d4 e6 3. c4 Bb4+ 4. Nbd2 d5 5. Qa4+ Nc6 6. cxd5 Qxd5 7. e3 a6 8. Qc2 0-0 9. Bc4 Qd6 10. 0-0 Bxd2 11. Bxd2 h6 12. Rfc1 Rd8 13. Rab1 Nd5 14. Be1 Nb6 15. Be2 Bd7 16. Ne5 Be8 17. Bf3 Nd5 18. Nxc6 Bxc6 19. b4 Qd7 20. Qc5 Rac8 21. Rb2 Bb5 22. Ra1 Nb6 23. Qc2 Ba4 24. Qc1 c6 25. Qc5 Nd5 26. Bd1 Bxd1 27. Rxd1 b5 28. a4 Qb7 29. a5 Nf6 30. Rc1 Ne8 31. Qb6 Qa8 32. Rbc2 Nd6 33. Rxc6 Nc4 34. R1xc4 bxc4 35. b5 axb5 36. Rxc8 Rxc8 37. Bc3 b4 38. Bxb4 c3 0-1

[Event "Olympiad Women-36"]
[Site "Mallorca"]
[Date "2004.10.19"]
[Round "5.3"]
[White "Malajovich, Sandra"]
[Black "Muhren, Bianca"]
[Result "0-1"]
[WhiteElo "2118"]
[BlackElo "2343"]
[PlyCount "108"]
[EventDate "2004.10.15"]
[EventType "team-swiss"]
[EventRounds "14"]
[EventCountry "ESP"]
[SourceTitle "CBM 102 Extra"]
[Source "ChessBase"]
[SourceDate "2004.11.03"]
[SourceVersion "1"]
[SourceVersionDate "2004.11.03"]
[SourceQuality "1"]
[WhiteTeam "Argentina (W)"]
[BlackTeam "Netherlands (W)"]
[WhiteTeamCountry "ARG"]
[BlackTeamCountry "NED"]

1. d4 d5 2. c4 dxc4 3. e4 e5 4. Nf3 exd4 5. Bxc4 Nc6 6. Qb3 Bb4+ 7. Bd2 Bxd2+ 8. Nbxd2 Qe7 9. Bd5 Nf6 10. Bxc6+ bxc6 11. 0-0 c5 12. Rac1 0-0 13. Qa3 Nxe4 14. Rfe1 f5 15. Nb3 Qf6 16. Nxc5 Rb8 17. Qxa7 Rxb2 18. Nd3 Rb7 19. Qa5 Qd6 20. Qe5 Ra7 21. Qxd6 cxd6 22. Nxd4 Rxa2 23. f3 Nf6 24. Nb4 Ra4 25. Nbc6 Nd5 26. Nb5 Bd7 27. Nbd4 Rc8 28. Rc2 Kf8 29. Ne6+ Kg8 30. Ned4 h6 31. Re7 Nxe7 32. Nxe7+ Kf7 33. Nxc8 Rxd4 34. Nb6 Bb5 35. Kf2 f4 36. Rb2 Be8 37. Nc8 Ba4 38. Ra2 Ke6 39. Re2+ Kf6 40. Ra2 Bd7 41. Nb6 Be6 42. Rb2 g5 43. Ke2 Ke5 44. Rb5+ d5 45. Rb2 Kd6 46. Rc2 Rb4 47. Nc8+ Bxc8 48. Rxc8 Rb2+ 49. Kf1 Ke5 50. Rc6 d4 51. Rxh6 d3 52. Rh8 Rb1+ 53. Kf2 d2 54. Re8+ Kf6 0-1

[Event "ARG-ch (Women)"]
[Site "Coronel Suarez"]
[Date "2004.09.12"]
[Round "6"]
[White "Lujan, Carolina"]
[Black "Malajovich, Sandra"]
[Result "1/2-1/2"]
[WhiteElo "2318"]
[BlackElo "2137"]
[PlyCount "45"]
[EventDate "2004.09.09"]
[EventType "swiss"]
[EventRounds "7"]
[EventCountry "ARG"]
[SourceTitle "CBM 102 Extra"]
[Source "ChessBase"]
[SourceDate "2004.11.03"]
[SourceVersion "1"]
[SourceVersionDate "2004.11.03"]
[SourceQuality "1"]

1. e4 d5 2. exd5 Qxd5 3. Nc3 Qd6 4. Bc4 Nf6 5. d4 a6 6. Nf3 Bg4 7. Be3 e6 8. h3 Bh5 9. Qe2 Bxf3 10. Qxf3 Nc6 11. 0-0 Be7 12. Rad1 0-0 13. a3 Rad8 14. Rfe1 Rfe8 15. Bd3 Qd7 16. Ne4 Nxe4 17. Bxe4 Bf6 18. c3 Rb8 19. Rd3 Ne7 20. Bf4 Nd5 21. Be5 Qb5 22. Bxf6 Nxf6 23. Rd2 1/2-1/2

[Event "ARG-ch (Women)"]
[Site "Coronel Suarez"]
[Date "2004.09.11"]
[Round "4"]
[White "Malajovich, Sandra"]
[Black "Burijovich, Liliana"]
[Result "1-0"]
[WhiteElo "2137"]
[BlackElo "2202"]
[PlyCount "79"]
[EventDate "2004.09.09"]
[EventType "swiss"]
[EventRounds "7"]
[EventCountry "ARG"]
[SourceTitle "CBM 102 Extra"]
[Source "ChessBase"]
[SourceDate "2004.11.03"]
[SourceVersion "1"]
[SourceVersionDate "2004.11.03"]
[SourceQuality "1"]

1. d4 Nf6 2. Nf3 g6 3. c4 Bg7 4. Nc3 0-0 5. e4 d6 6. Be2 e5 7. Be3 Ng4 8. Bg5 f6 9. Bh4 Nh6 10. d5 a5 11. Nd2 Na6 12. a3 Bd7 13. Rb1 Qe8 14. b4 axb4 15. axb4 Nf7 16. f3 f5 17. 0-0 Bh6 18. Bf2 Qe7 19. Bd3 Qg5 20. Rb2 Qe7 21. Qc2 Bxd2 22. Qxd2 f4 23. Rc1 g5 24. Kh1 h5 25. c5 g4 26. c6 Bc8 27. Ra1 Ng5 28. Bh4 Qg7 29. Bxg5 Qxg5 30. b5 b6 31. bxa6 Rf7 32. a7 Rg7 33. Nb5 gxf3 34. gxf3 Bh3 35. Qf2 Kh7 36. Rg1 Qf6 37. Rxg7+ Kxg7 38. Rb1 Kf7 39. Rg1 Qe7 40. Bf1 1-0